[Event "European Senior Team Championship 2021"]
[Site "Don Giovanni hotel, Vinohradska 2733, Prague, Czech Republic"]
[Date "2021.08.31"]
[Round "2"]
[Board "1"]
[White "Gruenfeld, Yehuda"]
[Black "Huss, Andreas"]
[Result "1-0"]
[WhiteElo "2397"]
[BlackElo "2249"]
[PlyCount "0"]
[EventDate "2021.08.30"]
[EventType "team"]
[EventRounds "9"]
[EventCountry "ECX"]
[WhiteTeam "ISRAEL 1"]
[BlackTeam "SWITZERLAND"]

1. e4 {[%clk 1:26:39]} c6 {[%clk 1:30:50]} 2. Nc3 {[%clk 1:24:55]} d5
{[%clk 1:31:08]} 3. d4 {[%clk 1:24:46]} dxe4 {[%clk 1:31:17]} 4. Nxe4
{[%clk 1:25:09]} Nf6 5. Nxf6+ {[%clk 1:25:15]} gxf6 {[%clk 1:31:58]} 6. c3
{[%clk 1:25:28]} Bf5 {[%clk 1:32:01]} 7. Nf3 {[%clk 1:25:45]} Qc7
{[%clk 1:29:03]} 8. g3 {[%clk 1:25:06]} Nd7 {[%clk 1:28:49]} 9. Bg2
{[%clk 1:25:31]} O-O-O {[%clk 1:27:03]} 10. O-O {[%clk 1:25:40]} e6
{[%clk 1:16:43]} 11. b4 {[%clk 1:23:03]} Be4 {[%clk 1:10:34]} 12. Re1
{[%clk 1:21:58]} Bd5 {[%clk 1:09:17]} 13. a4 {[%clk 1:14:26]} h5 {[%clk 1:07:28]}
14. b5 {[%clk 0:56:00]} c5 {[%clk 1:03:40]} 15. a5 {[%clk 0:52:45]} c4
{[%clk 0:57:19]} 16. Nh4 {[%clk 0:49:00]} Bxg2 {[%clk 0:51:32]} 17. Kxg2
{[%clk 0:48:21]} Nc5 {[%clk 0:29:00]} 18. Qf3 {[%clk 0:34:52]} Nd3
{[%clk 0:26:51]} 19. Re2 {[%clk 0:31:49]} Be7 {[%clk 0:19:38]} 20. Bf4
{[%clk 0:27:36]} Nxf4+ {[%clk 0:14:00]} 21. Qxf4 {[%clk 0:27:50]} Qxf4
{[%clk 0:11:57]} 22. gxf4 {[%clk 0:28:12]} Rhg8+ {[%clk 0:11:16]} 23. Kf3
{[%clk 0:28:02]} Bd6 {[%clk 0:04:43]} 24. Ng2 {[%clk 0:26:51]} Kd7
{[%clk 0:03:30]} 25. Ne3 {[%clk 0:26:52]} Rc8 {[%clk 0:03:48]} 26. Ree1
{[%clk 0:25:24]} Rc7 {[%clk 0:03:25]} 27. Ra4 {[%clk 0:25:04]} f5
{[%clk 0:02:58]} 28. h3 {[%clk 0:23:21]} h4 {[%clk 0:01:19]} 29. Rb1
{[%clk 0:22:08]} Ke7 {[%clk 0:01:24]} 30. b6 {[%clk 0:20:14]} axb6
{[%clk 0:01:49]} 31. Rxb6 {[%clk 0:20:20]} Rgc8 {[%clk 0:01:18]} 32. a6
{[%clk 0:12:30]} bxa6 {[%clk 0:00:56]} 33. Raxa6 {[%clk 0:12:45]} Rd7
{[%clk 0:01:08]} 34. Rc6 {[%clk 0:12:19]} Rxc6 {[%clk 0:00:53]} 35. Rxc6
{[%clk 0:12:41]} Rb7 {[%clk 0:00:36]} 36. Nxc4 {[%clk 0:11:45]} Bc7
{[%clk 0:01:03]} 37. Ne3 {[%clk 0:11:48]} Kd7 {[%clk 0:01:21]} 38. Ra6
{[%clk 0:12:08]} Rb1 {[%clk 0:01:24]} 39. Ra2 {[%clk 0:07:36]} Rc1
{[%clk 0:01:29]} 40. Rc2 {[%clk 0:07:42]} Rb1 {[%clk 0:00:55]} 41. c4
{[%clk 0:05:48]} Rb3 {[%clk 0:28:34]} 42. Rd2 {[%clk 0:35:04]} Ba5
{[%clk 0:25:33]} 43. Rd1 {[%clk 0:35:22]} Ke7 {[%clk 0:23:02]} 44. c5
{[%clk 0:34:19]} Bc7 {[%clk 0:20:27]} 45. Rc1 {[%clk 0:31:23]} Rd3
{[%clk 0:19:19]} 46. Rd1 {[%clk 0:30:01]} Rb3 {[%clk 0:19:06]} 47. d5
{[%clk 0:29:50]} exd5 {[%clk 0:19:09]} 48. Kg2 {[%clk 0:29:40]} Kd7
{[%clk 0:11:10]} 49. Nxd5 {[%clk 0:29:00]} Bb8 {[%clk 0:11:02]} 50. Nb4+
{[%clk 0:27:50]} Ke6 {[%clk 0:08:42]} 51. Nc6 {[%clk 0:26:18]} Rb2
{[%clk 0:08:29]} 52. Nxb8 {[%clk 0:22:49]} Rxb8 {[%clk 0:08:55]} 53. Rd6+
{[%clk 0:23:08]} Ke7 {[%clk 0:09:21]} 54. Rd5 {[%clk 0:23:29]} Rb4
{[%clk 0:06:20]} 55. Rxf5 {[%clk 0:23:34]} f6 {[%clk 0:01:58]} 56. Kf3
{[%clk 0:23:22]} Ke6 {[%clk 0:02:15]} 57. Rh5 {[%clk 0:23:30]} Rc4
{[%clk 0:02:08]} 58. Kg4 {[%clk 0:23:08]} Rc2 {[%clk 0:01:52]} 59. Kxh4
{[%clk 0:22:31]} Rxf2 {[%clk 0:01:54]} 60. Kg4 {[%clk 0:21:20]} Rg2+
{[%clk 0:01:54]} 61. Kf3 {[%clk 0:21:39]} Rc2 {[%clk 0:02:18]} 62. Ke3
{[%clk 0:21:48]} Rc4 {[%clk 0:02:27]} 63. h4 {[%clk 0:21:10]} Kf7
{[%clk 0:01:23]} 64. Kd3 {[%clk 0:16:47]} Rxf4 {[%clk 0:01:22]} 65. c6
{[%clk 0:17:14]} Ke7 {[%clk 0:00:54]} 66. Rh7+ {[%clk 0:16:43]} Kd8
{[%clk 0:00:44]} 67. Ke3 {[%clk 0:15:40]} Rg4 {[%clk 0:00:44]} 68. Kf3
{[%clk 0:16:01]} f5 {[%clk 0:01:03]} 69. h5 {[%clk 0:16:25]} Rh4 {[%clk 0:01:13]}
70. Kg3 {[%clk 0:14:23]} Rg4+ {[%clk 0:01:16]} 71. Kh3 {[%clk 0:13:27]} Rg5
{[%clk 0:01:42]} 72. h6 {[%clk 0:13:24]} Rg6 {[%clk 0:01:37]} 73. Rd7+
{[%clk 0:11:53]} Kc8 {[%clk 0:00:53]} 74. h7 {[%clk 0:12:16]}  1-0

[Event "European Senior Team Championship 2021"]
[Site "Don Giovanni hotel, Vinohradska 2733, Prague, Czech Republic"]
[Date "2021.08.31"]
[Round "2"]
[Board "2"]
[White "Hugentobler, Patrick"]
[Black "Berkovich, Mark A"]
[Result "1/2-1/2"]
[WhiteElo "2168"]
[BlackElo "2323"]
[PlyCount "0"]
[EventDate "2021.08.30"]
[EventType "team"]
[EventRounds "9"]
[EventCountry "ECX"]
[WhiteTeam "SWITZERLAND"]
[BlackTeam "ISRAEL 1"]

1. e4 {[%clk 1:30:56]} c6 {[%clk 1:30:48]} 2. d4 {[%clk 1:31:16]} d5
{[%clk 1:31:12]} 3. exd5 {[%clk 1:31:23]} cxd5 {[%clk 1:31:35]} 4. Bd3
{[%clk 1:31:44]} Nc6 {[%clk 1:31:32]} 5. c3 {[%clk 1:32:02]} g6 {[%clk 1:30:41]}
6. Nf3 {[%clk 1:31:36]} Bg7 {[%clk 1:30:32]} 7. O-O {[%clk 1:31:02]} Nh6
{[%clk 1:27:06]} 8. h3 {[%clk 1:29:13]} O-O {[%clk 1:26:14]} 9. Re1
{[%clk 1:25:53]} f6 {[%clk 1:25:06]} 10. c4 {[%clk 1:18:49]} Nf7 {[%clk 1:11:51]}
11. Nc3 {[%clk 1:11:47]} dxc4 {[%clk 1:07:08]} 12. Bxc4 {[%clk 1:11:57]} Kh8
{[%clk 1:07:21]} 13. a3 {[%clk 1:05:33]} e5 {[%clk 0:59:39]} 14. Bxf7
{[%clk 0:52:54]} exd4 {[%clk 0:53:10]} 15. Nb5 {[%clk 0:43:17]} Rxf7
{[%clk 0:53:14]} 16. Nbxd4 {[%clk 0:41:32]} Nxd4 {[%clk 0:51:01]} 17. Qxd4
{[%clk 0:41:50]} Qxd4 {[%clk 0:49:12]} 18. Nxd4 {[%clk 0:42:17]} Bd7
{[%clk 0:47:26]} 19. Bd2 {[%clk 0:41:51]} f5 {[%clk 0:45:31]} 20. Bc3
{[%clk 0:40:11]} Kg8 {[%clk 0:44:38]} 21. Ne2 {[%clk 0:35:27]} Bxc3
{[%clk 0:40:08]} 22. Nxc3 {[%clk 0:35:51]} Bc6 {[%clk 0:40:34]} 23. Rad1
{[%clk 0:35:04]} Kf8 {[%clk 0:40:32]} 24. f4 {[%clk 0:33:07]} Re8
{[%clk 0:38:22]} 25. Rxe8+ {[%clk 0:31:50]} Kxe8 {[%clk 0:38:47]} 26. Kf2
{[%clk 0:31:45]} Rd7 {[%clk 0:33:30]} 27. g3 {[%clk 0:31:44]} Rxd1
{[%clk 0:30:32]}  1/2-1/2

[Event "European Senior Team Championship 2021"]
[Site "Don Giovanni hotel, Vinohradska 2733, Prague, Czech Republic"]
[Date "2021.08.31"]
[Round "2"]
[Board "3"]
[White "Lederman, Leon"]
[Black "Vucenovic, Dragomir"]
[Result "0-1"]
[WhiteElo "2246"]
[BlackElo "2161"]
[PlyCount "0"]
[EventDate "2021.08.30"]
[EventType "team"]
[EventRounds "9"]
[EventCountry "ECX"]
[WhiteTeam "ISRAEL 1"]
[BlackTeam "SWITZERLAND"]

1. e4 {[%clk 1:30:57]} e5 {[%clk 1:30:47]} 2. Nf3 {[%clk 1:31:22]} Nc6
{[%clk 1:31:00]} 3. Bb5 {[%clk 1:31:47]} a6 {[%clk 1:31:16]} 4. Ba4
{[%clk 1:32:12]} d6 {[%clk 1:31:29]} 5. c3 {[%clk 1:32:13]} Bd7 {[%clk 1:31:44]}
6. d4 {[%clk 1:32:25]} Nf6 {[%clk 1:31:38]} 7. O-O {[%clk 1:32:36]} g6
{[%clk 1:31:17]} 8. Nbd2 {[%clk 1:30:44]} b5 {[%clk 1:30:02]} 9. Bc2
{[%clk 1:28:33]} Bg7 {[%clk 1:30:15]} 10. d5 {[%clk 1:25:24]} Ne7
{[%clk 1:30:23]} 11. c4 {[%clk 1:25:05]} c5 {[%clk 1:27:03]} 12. dxc6
{[%clk 1:18:45]} Nxc6 {[%clk 1:25:45]} 13. h3 {[%clk 1:18:10]} O-O
{[%clk 1:25:45]} 14. a3 {[%clk 1:14:11]} Qc7 {[%clk 1:20:43]} 15. Bd3
{[%clk 1:12:48]} Na5 {[%clk 1:16:32]} 16. cxb5 {[%clk 1:08:15]} Bxb5
{[%clk 1:14:35]} 17. Bxb5 {[%clk 1:04:09]} axb5 {[%clk 1:14:34]} 18. Qe2
{[%clk 1:04:36]} Qc2 {[%clk 1:07:19]} 19. Ne1 {[%clk 1:03:23]} Qc6
{[%clk 1:03:52]} 20. Nd3 {[%clk 1:03:42]} Nc4 {[%clk 1:02:39]} 21. Nb4
{[%clk 1:03:30]} Qb7 {[%clk 0:58:07]} 22. Nxc4 {[%clk 0:59:19]} bxc4
{[%clk 0:58:26]} 23. f3 {[%clk 0:59:31]} Rfc8 {[%clk 0:46:04]} 24. Rd1
{[%clk 0:50:02]} Nh5 {[%clk 0:27:07]} 25. Kh2 {[%clk 0:36:37]} f5
{[%clk 0:24:39]} 26. Nd5 {[%clk 0:26:44]} f4 {[%clk 0:22:38]} 27. Qc2
{[%clk 0:23:30]} Ra6 {[%clk 0:17:35]} 28. Bd2 {[%clk 0:22:07]} Nf6
{[%clk 0:17:09]} 29. Bb4 {[%clk 0:20:25]} Nxd5 {[%clk 0:16:39]} 30. Rxd5
{[%clk 0:20:48]} Bf8 {[%clk 0:16:35]} 31. Rad1 {[%clk 0:21:01]} Qc7
{[%clk 0:05:41]} 32. R1d2 {[%clk 0:16:24]} Rc6 {[%clk 0:04:45]} 33. Qd1
{[%clk 0:15:10]} Qb6 {[%clk 0:03:20]} 34. Qg1 {[%clk 0:13:15]} Qxg1+
{[%clk 0:03:20]} 35. Kxg1 {[%clk 0:13:39]} Rb8 {[%clk 0:03:41]} 36. Kf2
{[%clk 0:13:51]} Kf7 {[%clk 0:03:56]} 37. Ke2 {[%clk 0:14:15]} Ke6
{[%clk 0:04:15]} 38. Kd1 {[%clk 0:14:37]} Be7 {[%clk 0:03:42]} 39. Kc2
{[%clk 0:14:40]} g5 {[%clk 0:03:47]} 40. Ra5 {[%clk 0:12:22]} Rcb6
{[%clk 0:01:37]} 41. Kc3 {[%clk 0:11:51]} Rc6 {[%clk 0:29:11]} 42. Rdd5
{[%clk 0:41:47]} h5 {[%clk 0:21:28]} 43. Rd2 {[%clk 0:27:55]} g4 {[%clk 0:21:05]}
44. hxg4 {[%clk 0:27:51]} hxg4 {[%clk 0:21:33]} 45. Rd1 {[%clk 0:22:47]} Rh8
{[%clk 0:21:10]} 46. Rad5 {[%clk 0:23:11]} Rh2 {[%clk 0:20:52]} 47. R5d2
{[%clk 0:23:31]} gxf3 {[%clk 0:18:22]} 48. gxf3 {[%clk 0:23:55]} Rh3
{[%clk 0:18:36]} 49. Rf1 {[%clk 0:21:01]} Bd8 {[%clk 0:09:31]} 50. Rg2
{[%clk 0:15:40]} Bb6 {[%clk 0:08:04]} 51. a4 {[%clk 0:07:39]} Bd4+
{[%clk 0:07:46]} 52. Kc2 {[%clk 0:08:08]} Rb6 {[%clk 0:06:56]} 53. Bc3
{[%clk 0:08:19]} Rb3 {[%clk 0:06:47]} 54. Rd1 {[%clk 0:05:19]} Bxc3
{[%clk 0:05:29]} 55. bxc3 {[%clk 0:05:44]} Rxf3 {[%clk 0:05:43]} 56. Rg6+
{[%clk 0:06:09]} Ke7 {[%clk 0:06:00]} 57. Rdxd6 {[%clk 0:04:41]} Rfxc3+
{[%clk 0:06:22]} 58. Kd2 {[%clk 0:05:07]} Rd3+ {[%clk 0:06:34]} 59. Rxd3 Rxd3+
60. Kc2 {[%clk 0:05:06]} Ra3 {[%clk 0:06:18]} 61. Ra6 {[%clk 0:05:03]} f3
{[%clk 0:05:52]} 62. Ra7+ Kf6 {[%clk 0:05:29]} 63. Ra8 {[%clk 0:02:19]} Kg5
{[%clk 0:05:31]} 64. Kb2 {[%clk 0:02:43]} Rb3+ {[%clk 0:05:30]} 65. Ka2
{[%clk 0:03:07]} Kf4 {[%clk 0:05:18]} 66. a5 {[%clk 0:03:24]} Rb5
{[%clk 0:04:25]} 67. Ka3 {[%clk 0:03:22]} Kxe4 {[%clk 0:01:43]} 68. Ka4
{[%clk 0:03:45]} Rb1 {[%clk 0:01:12]} 69. Rf8 {[%clk 0:03:16]} c3
{[%clk 0:01:15]} 70. a6 {[%clk 0:03:28]} c2 {[%clk 0:01:16]} 71. a7
{[%clk 0:03:53]} Ra1+ {[%clk 0:01:42]}  0-1

[Event "European Senior Team Championship 2021"]
[Site "Don Giovanni hotel, Vinohradska 2733, Prague, Czech Republic"]
[Date "2021.08.31"]
[Round "2"]
[Board "4"]
[White "Bhend, Edwin"]
[Black "Kagan, Shimon"]
[Result "0-1"]
[WhiteElo "2104"]
[BlackElo "2292"]
[PlyCount "0"]
[EventDate "2021.08.30"]
[EventType "team"]
[EventRounds "9"]
[EventCountry "ECX"]
[WhiteTeam "SWITZERLAND"]
[BlackTeam "ISRAEL 1"]

1. d4 {[%clk 1:30:54]} Nf6 {[%clk 1:31:22]} 2. Nc3 {[%clk 1:31:12]} d5
{[%clk 1:31:30]} 3. Bg5 {[%clk 1:31:34]} Nbd7 {[%clk 1:31:26]} 4. e3
{[%clk 1:31:37]} e6 {[%clk 1:31:27]} 5. Nf3 {[%clk 1:29:11]} Be7 {[%clk 1:31:40]}
6. Bd3 {[%clk 1:29:02]} O-O {[%clk 1:31:45]} 7. O-O {[%clk 1:26:01]} c5
{[%clk 1:30:45]} 8. Ne5 {[%clk 1:24:41]} cxd4 {[%clk 1:28:16]} 9. exd4
{[%clk 1:24:58]} Nxe5 {[%clk 1:28:04]} 10. dxe5 {[%clk 1:25:21]} Nd7
{[%clk 1:28:24]} 11. Bxe7 {[%clk 1:23:49]} Qxe7 {[%clk 1:28:44]} 12. f4
{[%clk 1:24:11]} f5 {[%clk 1:23:36]} 13. exf6 {[%clk 1:23:39]} Rxf6
{[%clk 1:22:14]} 14. Qd2 {[%clk 1:22:30]} Nc5 {[%clk 1:21:31]} 15. Rae1
{[%clk 1:22:31]} Nxd3 {[%clk 1:19:47]} 16. cxd3 {[%clk 1:22:51]} Qd6
{[%clk 1:19:06]} 17. Qf2 {[%clk 1:10:54]} Bd7 {[%clk 1:17:16]} 18. Qd4
{[%clk 1:11:06]} Qb6 {[%clk 1:16:11]} 19. Qxb6 {[%clk 1:09:24]} axb6
{[%clk 1:16:30]} 20. a3 {[%clk 1:09:41]} Rc8 {[%clk 1:09:27]} 21. g3
{[%clk 1:06:21]} Be8 {[%clk 1:04:35]} 22. Rf2 {[%clk 0:54:42]} Bg6
{[%clk 0:59:10]} 23. Rd2 {[%clk 0:54:50]} Be8 {[%clk 0:51:20]} 24. Ne2
{[%clk 0:53:47]} Bd7 {[%clk 0:50:13]} 25. Nd4 {[%clk 0:54:00]} Kf7
{[%clk 0:46:17]} 26. Rde2 {[%clk 0:53:10]} g6 {[%clk 0:43:48]} 27. Re5
{[%clk 0:50:09]} h6 {[%clk 0:38:29]} 28. h4 {[%clk 0:50:24]} Rc5 {[%clk 0:37:03]}
29. h5 {[%clk 0:44:06]} Ke7 {[%clk 0:29:55]} 30. hxg6 {[%clk 0:43:25]} Rxg6
{[%clk 0:29:52]} 31. Kf2 {[%clk 0:39:53]} Kd6 {[%clk 0:29:53]} 32. Rh1
{[%clk 0:40:16]} Rc8 {[%clk 0:29:12]} 33. Reh5 {[%clk 0:40:27]} Kc5
{[%clk 0:26:32]} 34. Nf3 {[%clk 0:36:33]} Kd6 {[%clk 0:26:31]} 35. Ne5
{[%clk 0:35:57]} Rc2+ {[%clk 0:25:36]} 36. Kf3 {[%clk 0:36:19]} Rg8
{[%clk 0:20:23]} 37. R1h2 {[%clk 0:35:24]} Rc1 {[%clk 0:16:00]} 38. Rxh6
{[%clk 0:35:08]} Bc6 {[%clk 0:15:16]} 39. d4 {[%clk 0:23:07]} Rd1
{[%clk 0:10:38]} 40. f5 {[%clk 0:23:13]} Rxd4 {[%clk 0:08:45]} 41. Rxe6+
{[%clk 0:23:36]} Kc5 {[%clk 0:07:46]} 42. g4 {[%clk 0:15:55]} Ba4
{[%clk 0:06:00]} 43. f6 {[%clk 0:15:06]} Bd1+ {[%clk 0:03:49]} 44. Ke3
{[%clk 0:15:29]} Re4+ {[%clk 0:04:01]} 45. Kd2 {[%clk 0:15:50]} Bxg4
{[%clk 0:03:54]} 46. Nd7+ {[%clk 0:14:45]} Kd4 {[%clk 0:03:31]} 47. Rxe4+
{[%clk 0:10:24]} dxe4 {[%clk 0:03:50]} 48. f7 {[%clk 0:10:12]} e3+
{[%clk 0:04:10]} 49. Kc1 {[%clk 0:09:17]} Rc8+ {[%clk 0:03:15]} 50. Rc2
{[%clk 0:09:26]} e2 {[%clk 0:03:19]} 51. Rxc8 {[%clk 0:09:24]} e1=Q+
{[%clk 0:03:43]} 52. Kc2 Qd1#  0-1

[Event "European Senior Team Championship 2021"]
[Site "Don Giovanni hotel, Vinohradska 2733, Prague, Czech Republic"]
[Date "2021.08.31"]
[Round "2"]
[Board "1"]
[White "Jurek, Josef"]
[Black "Vaisser, Anatoly"]
[Result "1/2-1/2"]
[WhiteElo "2208"]
[BlackElo "2496"]
[PlyCount "0"]
[EventDate "2021.08.30"]
[EventType "team"]
[EventRounds "9"]
[EventCountry "ECX"]
[WhiteTeam "SK SOKOL VYSEHRAD"]
[BlackTeam "FRANCE"]

1. Nf3 {[%clk 1:30:53]} d5 {[%clk 1:30:46]} 2. c4 {[%clk 1:31:06]} e6
{[%clk 1:30:59]} 3. g3 {[%clk 1:31:23]} c6 {[%clk 1:30:09]} 4. Bg2
{[%clk 1:31:42]} b5 {[%clk 1:26:25]} 5. b3 {[%clk 1:30:04]} bxc4 {[%clk 1:25:30]}
6. bxc4 {[%clk 1:30:07]} Nd7 {[%clk 1:25:27]} 7. Qc2 {[%clk 1:26:07]} Ngf6
{[%clk 1:18:28]} 8. O-O {[%clk 1:24:18]} Be7 {[%clk 1:16:16]} 9. d3
{[%clk 1:20:43]} O-O {[%clk 1:12:54]} 10. Bb2 {[%clk 1:19:11]} Rb8
{[%clk 1:03:33]} 11. Nbd2 {[%clk 1:18:06]} c5 {[%clk 1:00:25]} 12. cxd5
{[%clk 1:15:40]} exd5 {[%clk 1:00:45]} 13. Rab1 {[%clk 1:11:30]} d4
{[%clk 0:47:54]} 14. Nc4 {[%clk 1:07:52]} Bb7 {[%clk 0:45:46]} 15. e3
{[%clk 1:02:32]} dxe3 {[%clk 0:45:04]} 16. fxe3 {[%clk 0:59:02]} Nd5
{[%clk 0:44:53]} 17. Qd2 {[%clk 0:52:28]} N5b6 {[%clk 0:40:15]} 18. Na5
{[%clk 0:46:56]} Ba8 {[%clk 0:37:17]} 19. e4 {[%clk 0:41:58]} c4 {[%clk 0:34:21]}
20. dxc4 {[%clk 0:34:33]} Bxe4 {[%clk 0:32:32]} 21. Rbe1 {[%clk 0:29:38]} Nc5
{[%clk 0:31:40]} 22. Qxd8 {[%clk 0:27:06]} Rbxd8 {[%clk 0:28:40]} 23. Ba3
{[%clk 0:24:07]} Rfe8 {[%clk 0:28:00]} 24. Rxe4 {[%clk 0:20:08]} Nxe4
{[%clk 0:28:21]} 25. Bxe7 {[%clk 0:20:25]} Rxe7 {[%clk 0:28:40]} 26. Nc6
{[%clk 0:20:44]} Rde8 {[%clk 0:22:55]} 27. Nxe7+ {[%clk 0:20:41]} Rxe7
{[%clk 0:23:23]} 28. Re1 {[%clk 0:16:41]} Kf8 {[%clk 0:21:39]} 29. Nd4
{[%clk 0:15:11]} Nc5 {[%clk 0:21:39]} 30. Rxe7 {[%clk 0:15:08]} Kxe7
{[%clk 0:22:05]} 31. Nc6+ {[%clk 0:15:11]} Kd6 {[%clk 0:22:13]} 32. Nxa7
{[%clk 0:15:17]} Nxc4 {[%clk 0:22:33]} 33. Nb5+ {[%clk 0:13:20]} Ke5
{[%clk 0:22:52]} 34. Bc6 {[%clk 0:10:16]} f5 {[%clk 0:22:06]} 35. Nc3
{[%clk 0:09:23]} Kd4 {[%clk 0:20:50]} 36. Ne2+ {[%clk 0:08:56]} Ke3
{[%clk 0:20:31]} 37. Nf4 {[%clk 0:07:45]} g5 {[%clk 0:19:33]} 38. Nd5+
{[%clk 0:07:29]} Kd4 {[%clk 0:18:21]} 39. Nf6 {[%clk 0:06:36]} Ne5
{[%clk 0:13:12]} 40. Be8 {[%clk 0:05:36]} Ke3 {[%clk 0:01:16]} 41. Nxh7
{[%clk 0:02:29]} Nf3+ {[%clk 0:26:30]}  1/2-1/2

[Event "European Senior Team Championship 2021"]
[Site "Don Giovanni hotel, Vinohradska 2733, Prague, Czech Republic"]
[Date "2021.08.31"]
[Round "2"]
[Board "2"]
[White "Sharif, Mehrshad"]
[Black "Netusil, Miloslav"]
[Result "1/2-1/2"]
[WhiteElo "2335"]
[BlackElo "2146"]
[PlyCount "0"]
[EventDate "2021.08.30"]
[EventType "team"]
[EventRounds "9"]
[EventCountry "ECX"]
[WhiteTeam "FRANCE"]
[BlackTeam "SK SOKOL VYSEHRAD"]

1. Nf3 {[%clk 1:30:58]} d5 {[%clk 1:29:59]} 2. g3 {[%clk 1:31:19]} Bg4
{[%clk 1:29:56]} 3. Bg2 {[%clk 1:31:33]} c6 {[%clk 1:30:19]} 4. O-O
{[%clk 1:31:43]} Nd7 {[%clk 1:30:23]} 5. h3 {[%clk 1:31:56]} Bh5 {[%clk 1:29:57]}
6. d3 {[%clk 1:31:56]} e6 {[%clk 1:29:05]} 7. c4 {[%clk 1:31:30]} Bd6
{[%clk 1:21:21]} 8. cxd5 {[%clk 1:31:08]} cxd5 {[%clk 1:17:06]} 9. Qb3
{[%clk 1:25:46]} Ne7 {[%clk 1:02:32]} 10. d4 {[%clk 1:22:38]} Qb6
{[%clk 0:57:37]} 11. Nc3 {[%clk 1:20:29]} O-O {[%clk 0:53:17]} 12. Nb5
{[%clk 1:11:39]} Bb8 {[%clk 0:51:12]} 13. Bd2 {[%clk 1:07:55]} Nc6
{[%clk 0:46:45]} 14. e3 {[%clk 1:05:08]} a6 {[%clk 0:44:05]} 15. Nc3
{[%clk 1:04:08]} Bg6 {[%clk 0:42:42]} 16. Rfc1  1/2-1/2

[Event "European Senior Team Championship 2021"]
[Site "Don Giovanni hotel, Vinohradska 2733, Prague, Czech Republic"]
[Date "2021.08.31"]
[Round "2"]
[Board "3"]
[White "Groh, Jiri"]
[Black "Giffard, Nicolas"]
[Result "0-1"]
[WhiteElo "2020"]
[BlackElo "2247"]
[PlyCount "0"]
[EventDate "2021.08.30"]
[EventType "team"]
[EventRounds "9"]
[EventCountry "ECX"]
[WhiteTeam "SK SOKOL VYSEHRAD"]
[BlackTeam "FRANCE"]

1. Nf3 {[%clk 1:28:32]} c5 {[%clk 1:30:28]} 2. c4 {[%clk 1:28:34]} Nf6
{[%clk 1:30:38]} 3. g3 {[%clk 1:28:52]} b6 {[%clk 1:30:53]} 4. Bg2
{[%clk 1:29:14]} Bb7 {[%clk 1:31:18]} 5. O-O {[%clk 1:29:30]} e6 {[%clk 1:31:10]}
6. Nc3 {[%clk 1:29:17]} Be7 {[%clk 1:31:06]} 7. b3 {[%clk 1:26:41]} O-O
{[%clk 1:31:00]} 8. Bb2 {[%clk 1:25:42]} a6 {[%clk 1:29:30]} 9. a3
{[%clk 1:24:17]} Re8 {[%clk 1:26:07]} 10. e3 {[%clk 1:21:59]} Bf8
{[%clk 1:21:54]} 11. d4 {[%clk 1:20:18]} cxd4 {[%clk 1:17:44]} 12. Nxd4
{[%clk 1:20:24]} Bxg2 {[%clk 1:15:17]} 13. Kxg2 {[%clk 1:20:40]} Qc8
{[%clk 1:13:08]} 14. Qf3 {[%clk 1:18:15]} Ra7 {[%clk 1:13:18]} 15. e4
{[%clk 1:16:31]} d6 {[%clk 1:13:13]} 16. Rac1 {[%clk 1:14:31]} Nbd7
{[%clk 1:12:00]} 17. h3 Qa8 {[%clk 1:07:25]} 18. Rfe1 {[%clk 1:09:54]} h5
{[%clk 1:00:38]} 19. Kh2 {[%clk 1:05:30]} Rc7 {[%clk 0:54:22]} 20. Qg2
{[%clk 1:04:43]} g6 {[%clk 0:46:54]} 21. Rcd1 {[%clk 0:56:45]} Rec8
{[%clk 0:45:37]} 22. f4 {[%clk 0:48:09]} b5 {[%clk 0:33:06]} 23. e5
{[%clk 0:47:09]} Qxg2+ {[%clk 0:32:49]} 24. Kxg2 {[%clk 0:47:35]} bxc4
{[%clk 0:26:00]} 25. exf6 {[%clk 0:43:42]} cxb3 {[%clk 0:26:20]} 26. Na4
{[%clk 0:38:06]} Nc5 {[%clk 0:23:13]} 27. Nb6 {[%clk 0:35:48]} Rb8
{[%clk 0:23:33]} 28. Nc4 {[%clk 0:35:48]} Na4 {[%clk 0:23:24]} 29. Rc1
{[%clk 0:25:15]} Rbc8 {[%clk 0:20:26]} 30. Nb6 {[%clk 0:18:20]} Nxb6
{[%clk 0:20:22]} 31. Rxc7 {[%clk 0:16:04]} Rxc7 {[%clk 0:20:45]} 32. Rc1
{[%clk 0:16:23]} Rb7 {[%clk 0:17:59]} 33. Bc3 {[%clk 0:11:49]} d5
{[%clk 0:16:33]} 34. Nxb3 {[%clk 0:11:20]} Bxa3 {[%clk 0:13:30]} 35. Ra1
{[%clk 0:11:18]} Rc7 {[%clk 0:12:59]} 36. Bd2 {[%clk 0:10:13]} Nc4
{[%clk 0:13:10]} 37. Be1 {[%clk 0:08:41]} Bb2 {[%clk 0:11:22]} 38. Rxa6
{[%clk 0:08:50]} Bxf6 {[%clk 0:11:42]} 39. g4 {[%clk 0:08:22]} hxg4
{[%clk 0:09:51]} 40. hxg4 {[%clk 0:08:43]} Kg7 {[%clk 0:09:06]} 41. g5
{[%clk 0:07:45]} Bb2 {[%clk 0:08:31]} 42. Ra8 {[%clk 0:06:59]} Ne3+
{[%clk 0:05:04]} 43. Kf3 {[%clk 0:06:49]} Nf5 {[%clk 0:04:58]} 44. Ba5
{[%clk 0:05:18]} Rc4 {[%clk 0:03:45]} 45. Rb8 {[%clk 0:03:16]} e5 46. fxe5
{[%clk 0:31:55]} Bxe5 {[%clk 0:29:44]} 47. Rb7 {[%clk 0:29:15]} Rf4+
{[%clk 0:28:44]} 48. Ke2 {[%clk 0:29:19]} Ng3+ {[%clk 0:28:11]} 49. Ke3
{[%clk 0:28:30]} Nf5+ {[%clk 0:24:10]} 50. Kd3 {[%clk 0:27:51]} Rf3+
{[%clk 0:24:27]} 51. Kc2 {[%clk 0:28:05]} Ne3+ {[%clk 0:22:55]} 52. Kd3
{[%clk 0:27:58]} Nc4+ {[%clk 0:23:11]} 53. Ke2 {[%clk 0:28:07]} Nxa5
{[%clk 0:23:28]} 54. Nxa5 {[%clk 0:28:29]} Rf5 {[%clk 0:23:45]} 55. Nc6
{[%clk 0:28:11]} Rxg5 {[%clk 0:23:10]} 56. Nd8 {[%clk 0:28:16]} Rf5
{[%clk 0:23:35]} 57. Ne6+ {[%clk 0:27:06]} Kg8 {[%clk 0:23:23]} 58. Nd8
{[%clk 0:27:16]} g5 {[%clk 0:23:04]} 59. Rd7 {[%clk 0:27:20]} Bg7
{[%clk 0:19:39]} 60. Nc6 {[%clk 0:27:33]} Bf8 {[%clk 0:19:55]} 61. Rd8
{[%clk 0:26:47]} Kg7 {[%clk 0:20:03]} 62. Re8 {[%clk 0:26:14]} Bd6
{[%clk 0:19:06]} 63. Kd3 {[%clk 0:26:17]} g4 {[%clk 0:18:53]} 64. Nd4
{[%clk 0:26:37]} Rg5 {[%clk 0:19:03]} 65. Rd8 {[%clk 0:26:41]} Bc5
{[%clk 0:19:12]} 66. Ne2 {[%clk 0:26:35]} g3 {[%clk 0:19:29]} 67. Nf4
{[%clk 0:26:53]} g2 {[%clk 0:19:52]} 68. Nxg2 {[%clk 0:26:40]} Rg3+
{[%clk 0:20:16]}  0-1